Biggest Computer Chip Companies - Statistics

General Stats
  • This quiz has been taken 40 times
  • The average score is 5 of 15
Answer Stats
# Answer % Correct
11 NVIDIA
92%
3 Intel
89%
14 AMD
73%
2 Samsung
57%
1 TSMC
51%
9 Qualcomm
22%
5 Micron
19%
13 Texas Instruments
19%
10 Broadcom
16%
4 SK Hynix
14%
6 SMIC
5%
15 STMicroelectronics
5%
8 UMC
5%
7 GlobalFoundries
3%
12 Infineon
0%
No matching quizzes found
Score Distribution
Percent of People with Each Score
Percentile by Number Answered
Your Score History
You have not taken this quiz